| 000 | 00455nam a22001697a 4500 | ||
|---|---|---|---|
| 003 | PILC | ||
| 005 | 20151028135156.0 | ||
| 008 | 130928t xxu||||| |||| 00| 0 eng d | ||
| 020 | _a9780356065571 | ||
| 050 |
_aPZ 7 _b.M974 1986 |
||
| 082 |
_aGS 822.33T5 _bSh1 1980 |
||
| 245 |
_aThe murderer king / _cMacbeth |
||
| 260 |
_aLondon : _bMacdonald & Co (Publishers) Ltd, _c1980. |
||
| 300 |
_a24 p. : _bill. ; _c28 cm |
||
| 942 |
_2lcc _cBK |
||
| 999 |
_c12326 _d12326 |
||